000 00796nam a2200229Ia 4500
003 GCL
008 140319s9999 xx 000 0 ara d
040 _aGCL /
_cGCL
082 0 4 _a331.1
_bه ع
100 1 _aسمير رضوان
245 1 0 _aالعمل والعدل الاجتماعى فى اقتصاد متغير: مصر فى الثمانيات:دراسة فى سوق العمل /
_cسمير رضوان
700 1 _aهانسن, نت
260 _a[S.N] :
_bدار المستقبل العربى ،
_c1983
300 _a402 ص
490 _aسلسلة مكتب العمل الدولى
_v0
650 0 4 _aالاقتصاد
650 0 4 _aالعلوم الاجتماعية
650 0 4 _aالعمل والعمال
650 0 4 _aالاسواق
650 0 4 _aالبحوث
942 _2ddc
_cBK
999 _c35026
_d35026